| 000 | 00873nam a2200253Ia 4500 | ||
|---|---|---|---|
| 005 | 20251020182503.0 | ||
| 008 | 200515s9999 xx 000 0 und d | ||
| 020 | _a958-648-052-6 | ||
| 082 | _a625.713.1/C26 | ||
| 100 | _aCárdenas Grisales, James | ||
| 245 | 0 | _aDiseño Geométrico de Vías | |
| 250 | _a2a ed. | ||
| 260 | _aSantafé de Bogotá, D.C. | ||
| 260 | _bEcoe Ediciones | ||
| 260 | _c2000 | ||
| 300 | _a320 p. | ||
| 300 | _bil., tbl., graf. | ||
| 490 | _aTEXTOS UNIVERSITARIOS | ||
| 500 | _a1 ejemplar | ||
| 520 | _aEncontrará en forma secuencial todos los elementos geométricos que permiten definir la concepción tridimensional del diseño de una vía. Para tal efecto, el texto, partiendo del estudio de rutas y líneas de pendiente, presenta el diseño geométrico en plant | ||
| 650 | _aGEOMETRIA VIAL | ||
| 942 | _cLIB | ||
| 999 |
_c1201 _d1201 |
||